[Event "FRA-chT4 1415"]
[Site "Champagne Ardennes"]
[Date "2015.01.11"]
[Round "4"]
[White "Magnier, Christophe"]
[Black "Halfaoui, Eddine"]
[Result "0-1"]
[WhiteElo "1812"]
[BlackElo "1958"]
[PlyCount "50"]
[EventDate "2014.10.16"]
[EventType "team-tourn"]
[EventRounds "7"]
[EventCountry "FRA"]
[SourceTitle "EXT 2024"]
[Source "ChessBase"]
[SourceDate "2023.10.10"]
[SourceVersion "1"]
[SourceVersionDate "2023.10.10"]
[SourceQuality "1"]

1. e4 e6 2. d4 d5 3. exd5 exd5 4. Nf3 Bd6 5. Bd3 Nc6 6. c3 Nge7 7. Qe2 Bg4 8. b4 Qd7 9. Be3 0-0-0 10. a4 Nf5 11. a5 Rde8 12. b5 Ncxd4 13. cxd4 Nxd4 14. Qb2 Nxf3+ 15. gxf3 Bxf3 16. b6 Kb8 17. a6 cxb6 18. Bb5 Qe7 19. Qd4 Be5 20. Qa4 Bxa1 21. 0-0 Be5 22. axb7 Qf6 23. Rc1 d4 24. Bxe8 Bxb7 25. Bc6 dxe3 0-1

[Event "FRA-chT4 1314"]
[Site "Champagne Ardennes"]
[Date "2013.12.15"]
[Round "3"]
[White "Magnier, Christophe"]
[Black "Masera, Michel"]
[Result "1-0"]
[WhiteElo "1819"]
[BlackElo "1861"]
[PlyCount "99"]
[EventDate "2013.10.25"]
[EventType "team-tourn"]
[EventRounds "7"]
[EventCountry "FRA"]
[SourceTitle "EXT 2024"]
[Source "ChessBase"]
[SourceDate "2023.10.10"]
[SourceVersion "1"]
[SourceVersionDate "2023.10.10"]
[SourceQuality "1"]

1. e4 c5 2. Nf3 Nc6 3. d4 cxd4 4. Nxd4 e5 5. Nf5 d5 6. Ng3 Nf6 7. exd5 Qxd5 8. Qxd5 Nxd5 9. Bc4 Nb6 10. Bb3 Nd4 11. 0-0 Be7 12. Re1 Nxb3 13. axb3 f6 14. Nc3 Kf7 15. Be3 Bd7 16. Red1 Bc6 17. Nf5 g6 18. Nxe7 Kxe7 19. Bc5+ Kf7 20. b4 Rhc8 21. Bxb6 axb6 22. b5 Rxa1 23. Rxa1 Bd7 24. Ra7 Rc7 25. Kf1 Be6 26. Ke1 Bc4 27. Kd2 Rd7+ 28. Kc1 Rc7 29. g3 Ke6 30. Ra8 Ke7 31. Rh8 Ke6 32. Rd8 Rd7 33. Rxd7 Kxd7 34. b3 Bf1 35. Nd5 Ke6 36. c4 f5 37. Nxb6 f4 38. Na4 Bg2 39. Kd2 g5 40. Ke2 g4 41. Nc5+ Kf5 42. Nd3 Be4 43. gxf4 exf4 44. c5 h5 45. Nb4 h4 46. Kf1 g3 47. fxg3 fxg3 48. hxg3 h3 49. Kg1 Kg4 50. Kh2 1-0

[Event "Pays de Champagne op-A 1st"]
[Site "Recy"]
[Date "2010.05.13"]
[Round "2"]
[White "Rouffignac, Marie"]
[Black "Magnier, Christophe"]
[Result "0-1"]
[WhiteElo "1575"]
[BlackElo "1780"]
[PlyCount "90"]
[EventDate "2010.05.??"]
[EventType "swiss"]
[EventRounds "6"]
[EventCountry "FRA"]
[SourceTitle "EXT 2011"]
[Source "ChessBase"]
[SourceDate "2010.11.26"]
[SourceVersion "1"]
[SourceVersionDate "2010.11.26"]
[SourceQuality "1"]

1. e4 d5 2. exd5 Nf6 3. Nf3 Nxd5 4. d4 e6 5. Bc4 Nc6 6. Nc3 Bb4 7. Bd2 0-0 8. 0-0 Nxc3 9. bxc3 Bd6 10. Rb1 e5 11. Bd5 exd4 12. cxd4 Bxh2+ 13. Nxh2 Qxd5 14. Bf4 Qxd4 15. Bxc7 Qc4 16. Qd3 Qxd3 17. cxd3 b6 18. Rfe1 Bf5 19. Rbc1 Nb4 20. Bd6 Nxd3 21. Bxf8 Kxf8 22. g4 Nxc1 23. gxf5 Nxa2 24. Ra1 Nc3 25. Nf3 f6 26. Nd4 a5 27. Ne6+ Kf7 28. Kf1 Nd5 29. Rd1 Ne7 30. Rd7 a4 31. Nd4 Ke8 32. Rb7 a3 33. Nb3 a2 34. Na1 Rc8 35. Nb3 Rc1+ 36. Ke2 a1Q 37. Nxa1 Rxa1 38. Rb8+ Kf7 39. Rxb6 Nxf5 40. Rb7+ Ke6 41. Rb6+ Ke5 42. Rb5+ Ke4 43. f3+ Kf4 44. Rb4+ Kg5 45. Rg4+ Kh5 0-1